| 000 | 01122nam a2200217 i 4500 | ||
|---|---|---|---|
| 001 | 179042 | ||
| 003 | ES-MaACL | ||
| 005 | 20231111062535.0 | ||
| 008 | 110824s1925 fr |||| | fre d | ||
| 080 | _a946(04) | ||
| 080 | _a86.09(04) | ||
| 100 | 1 |
_aMorel-Fatio, Alfred. _983243 |
|
| 245 | 1 | 0 |
_aEtudes sur l'Espagne. _nQuatrième série / _cpar A. Morel-Fatio. |
| 260 |
_aParis : _bEdouard Champion, _c1925. |
||
| 300 |
_a494 p. ; _c21 cm. |
||
| 505 | 8 | _aContiene: I. La donation du duché de Molina a Bertrand du Guesclin II. Notice sur trois manuscrits de la Bibliothèque d'Ossuna III. Les deux "Omero" castillans IV. Chateaux en Espagne V. Les Allemands en Espagne et les Espagnols en Allemagne du XVe. siècle jusqu'a nos jours VI. L'espagnol, langue universelle VII. L'humaniste héterodoxe catalan Pedro Galés VIII. Une mondaine contemplative au XVIe. siècle. Doña Catalina de Mendoza IX. Don Bernardino de Mendoza. La vie. Les oeuvres. | |
| 650 | 0 | 4 |
_aLiteratura española- _xHistoria y crítica _914560 |
| 651 | 4 |
_aEspaña- _xHistoria. _98209 |
|
| 852 |
_aES-MaACL _jF-9007 |
||
| 999 |
_c179042 _d179042 |
||